[Event "Milan Crespi op-B 31th"]
[Site "Milan"]
[Date "2010.12.08"]
[Round "6"]
[White "Bonassi, Tommaso"]
[Black "Cimo, Alessandro"]
[Result "1-0"]
[WhiteElo "1819"]
[BlackElo "1792"]
[PlyCount "108"]
[EventDate "2010.12.04"]
[EventType "swiss"]
[EventRounds "7"]
[EventCountry "ITA"]
[SourceTitle "EXT 2024"]
[Source "ChessBase"]
[SourceDate "2023.10.10"]
[SourceVersion "1"]
[SourceVersionDate "2023.10.10"]
[SourceQuality "1"]

1. e4 e5 2. Bc4 Nc6 3. Nf3 Nf6 4. d3 Bc5 5. c3 0-0 6. b4 Bb6 7. a4 a6 8. Bg5 d6 9. Nbd2 h6 10. Be3 Bxe3 11. fxe3 Bg4 12. 0-0 Qd7 13. Qe1 Ne7 14. Nh4 Be6 15. Qg3 Nh5 16. Qf3 Bxc4 17. Nxc4 Nf6 18. h3 b5 19. Nb2 c5 20. d4 c4 21. Rad1 Qb7 22. d5 Qd7 23. a5 Nh7 24. g4 Ng5 25. Qg2 Qa7 26. Rde1 Qd7 27. Nd1 Rad8 28. Nf2 Qa7 29. Nh1 Ng6 30. Nf5 Nf4 31. Rxf4 exf4 32. h4 f3 33. Qg3 Nxe4 34. Qxf3 Rfe8 35. Qf4 Re5 36. Nxd6 Qe7 37. Nf5 Rxf5 38. Qxf5 Nxc3 39. e4 Nxd5 40. Ng3 Qa7+ 41. Kh1 Ne7 42. Qf3 Rd3 43. Qg2 Qc7 44. e5 Qc6 45. Ne4 Qd5 46. g5 hxg5 47. Qxg5 Kf8 48. Qh5 Ng6 49. Kg1 Qxe5 50. Qg4 Qd4+ 51. Kf1 Re3 52. Qc8+ Ke7 53. Qc7+ Ke6 54. Ng5+ Kf5 1-0

[Event "Bresso op 6th"]
[Site "Bresso"]
[Date "2007.06.14"]
[Round "1"]
[White "Rettore, Ludwig"]
[Black "Cimo, Alessandro"]
[Result "1-0"]
[WhiteElo "2172"]
[BlackElo "1530"]
[PlyCount "45"]
[EventDate "2007.06.14"]
[EventType "swiss"]
[EventRounds "6"]
[EventCountry "ITA"]
[SourceTitle "EXT 2010"]
[Source "ChessBase"]
[SourceDate "2010.11.25"]
[SourceVersion "1"]
[SourceVersionDate "2010.11.25"]
[SourceQuality "1"]

1. e4 c5 2. Nf3 d6 3. d4 cxd4 4. Nxd4 Nf6 5. Nc3 a6 6. Be2 e6 7. 0-0 b5 8. Bf3 e5 9. Nf5 Bxf5 10. exf5 Ra7 11. Be3 Rd7 12. a4 b4 13. Nd5 Nxd5 14. Qxd5 Qc7 15. c3 bxc3 16. Rac1 c2 17. Be4 Qc8 18. Bb6 Ke7 19. Rxc2 Qe8 20. Rfc1 Rd8 21. Bxd8+ Qxd8 22. Rc7+ Nd7 23. Qb7 1-0

[Event "Bresso op 5th"]
[Site "Bresso"]
[Date "2006.06.15"]
[Round "1"]
[White "Cimo, Alessandro"]
[Black "Pelizzola, Danilo"]
[Result "0-1"]
[WhiteElo "1506"]
[BlackElo "2059"]
[PlyCount "65"]
[EventDate "2006.06.15"]
[EventType "swiss"]
[EventRounds "6"]
[EventCountry "ITA"]
[SourceTitle "CBM 112 Extra"]
[Source "ChessBase"]
[SourceDate "2006.07.14"]
[SourceVersion "1"]
[SourceVersionDate "2006.07.14"]
[SourceQuality "1"]

1. d4 Nf6 2. c4 e6 3. Nc3 Bb4 4. Bd2 b6 5. e3 Bb7 6. Nf3 0-0 7. Be2 d5 8. cxd5 exd5 9. Qc2 Nbd7 10. a3 Be7 11. 0-0 c5 12. Rfd1 Rc8 13. b3 Qc7 14. Nb5 Qb8 15. a4 a6 16. Na3 g6 17. h3 Ne4 18. Be1 cxd4 19. Qb2 dxe3 20. fxe3 Bf6 21. Nd4 Ndc5 22. Nac2 Qe5 23. Rac1 Ng3 24. Bxg3 Qxg3 25. Bf3 Ne4 26. Bxe4 dxe4 27. Qb1 Rc5 28. Ne2 Qg5 29. Rd6 Rfc8 30. Rxb6 Rxc2 31. Rxc2 Rxc2 32. Qxc2 Qxe3+ 33. Kf1 0-1